Pedagogía de la convivencia /
Guardado en:
| Autor Principal: | |
|---|---|
| Formato: | Libro |
| Publicado: |
Barcelona :
Graó,
2006
|
| Series: | Biblioteca de Aula. Serie Temas tranversales; No. 228
|
| Materias: | |
| Etiquetas: |
Agregar Etiqueta
Sin Etiquetas, Sea el primero en etiquetar este registro!
|
| LEADER | 00880nam a22002175a 4500 | ||
|---|---|---|---|
| 001 | CEM.cems012377 | ||
| 005 | 20070223142024.0 | ||
| 008 | 130507s2006##################000#0#####d | ||
| 003 | CEMS | ||
| 020 | |a 8478274510 | ||
| 082 | 0 | 4 | |a 371.5 |
| 100 | 1 | |a Jares, Xesús R. | |
| 245 | 1 | 0 | |a Pedagogía de la convivencia / |c Xesús R. Jares |
| 260 | |a Barcelona : |b Graó, |c 2006 | ||
| 300 | |a 175 p. | ||
| 490 | 0 | |a Biblioteca de Aula. Serie Temas tranversales; No. 228 | |
| 505 | 0 | |a Sobre la convivencia y los contenidos de una pedagogía de la convivencia -- La situación de la convivencia en los centros educativos de secudanria -- Los ámbitos de intervención -- La mediación en los centros educativos -- Educar para la convivencia desde las familias | |
| 653 | |a Educación | ||
| 653 | |a Pedagogía | ||
| 653 | |a Convivencia | ||
| 859 | |a CEMS |b BIB. CEMS - 11 de abril |h 371.5 |i J287 |p 23655.06 |t Ej.1 | ||
